Historia natural. (Record no. 186123)

MARC details
000 -LEADER
campo de control de longitud fija 01073nam a2200277 i 4500
001 - NÚMERO DE CONTROL
campo de control 186123
003 - IDENTIFICADOR DE NÚMERO DE CONTROL
campo de control SpMaBN
005 - FECHA Y HORA DE LA ÚLTIMA TRANSACCIÓN
campo de control 20250722063156.0
008 - DATOS DE LONGITUD FIJA--INFORMACIÓN GENERAL
campo de control de longitud fija 160909s1995 sp |||| |dspa d
020 ## - NÚMERO INTERNACIONAL ESTÁNDAR DEL LIBRO
Número Internacional Estándar del Libro 84-249-1685-9
080 ## - NÚMERO DE LA CLASIFICACIÓN DECIMAL UNIVERSAL
Número de la Clasificación Decimal Universal 502(02)"00"
100 1# - ENTRADA PRINCIPAL--NOMBRE DE PERSONA
Nombre de persona Plinio Segundo, Cayo
9 (RLIN) 92659
245 10 - MENCIÓN DEL TÍTULO
Título Historia natural.
Número de parte o sección de la obra Libros I-II /
Mención de responsabilidad, etc. Plinio el Viejo ; introducción general, Guy Serbat ; traducción y notas de Antonio Fontán, Ana Mª Moure Casas y otros.
260 ## - PUBLICACIÓN, DISTRIBUCIÓN, ETC.
Lugar de publicación, distribución, etc. Madrid :
Nombre del editor, distribuidor, etc. Gredos,
Fecha de publicación, distribución, etc. 1995.
300 ## - DESCRIPCIÓN FÍSICA
Extensión 1 v. (484 p.) ;
Dimensiones 20 cm.
490 1# - MENCIÓN DE SERIE
Mención de serie Biblioteca clásica Gredos ;
Designación de volumen o secuencia 206
504 ## - NOTA DE BIBLIOGRAFÍA, ETC.
Nota de bibliografía, etc. Bibliografía: p. [201]-206.
505 8# - NOTA DE CONTENIDO CON FORMATO
Nota de contenido con formato Contiene: [1] ;
Título Historia narural: Libro I, Libro II
650 #7 - PUNTO DE ACCESO ADICIONAL DE MATERIA--TÉRMINO DE MATERIA
Término de materia o nombre geográfico como elemento de entrada Ciencias naturales-
Subdivisión de forma Obras anteriores a 1800.
9 (RLIN) 149050
700 1# - ENTRADA AGREGADA--NOMBRE PERSONAL
Nombre de persona Serbat, Guy.
9 (RLIN) 160789
700 1# - ENTRADA AGREGADA--NOMBRE PERSONAL
Nombre de persona Fontán, Antonio.
9 (RLIN) 51585
700 1# - ENTRADA AGREGADA--NOMBRE PERSONAL
Nombre de persona Moure Casas, Ana.
9 (RLIN) 83891
830 0# - PUNTO DE ACCESO ADICIONAL DE SERIE-TÍTULO UNIFORME
Título uniforme Biblioteca clásica Gredos ;
Designación de volumen o secuencia 206
9 (RLIN) 177556
852 ## - LOCALIZACIÓN
Ubicación ES-MaACL
Número de control de estantería L-30668
Nota libre - enc. cart.
-- . - Donat. Miguel A. Velasco
Holdings
Estatus retirado Estado de pérdida Estado de daño No para préstamo Biblioteca de origen Biblioteca actual Ubicación en estantería Fecha de adquisición Fuente de adquisición Total de préstamos Signatura topográfica completa Código de barras Visto por última vez Precio de reemplazo Tipo de ítem Koha
        Biblioteca del Ateneo de Madrid Biblioteca del Ateneo de Madrid Depósito 2 09/09/2016     L-30668 1196230 23/02/2023 23/02/2023 Libro impreso